| 000 | 00663nam a2200229Ia 4500 | ||
|---|---|---|---|
| 001 | 7301 | ||
| 003 | GE_BSU | ||
| 008 | 181216s||||||||xx |||||||||||||| ||und|| | ||
| 040 | _cGE_BSU | ||
| 080 | _a66(075.32) | ||
| 100 | _aГенкин,А.Э. | ||
| 245 | _aОборудование химических заводов. | ||
| 245 | _bУчебник. | ||
| 245 | _cРед,В.И.Петухова. | ||
| 250 | _aИзд 3-ое,перераб.и доп. | ||
| 260 | _aМ. | ||
| 260 | _bВысш.школа. | ||
| 260 | _c1978. | ||
| 300 | _a272стр.22см.с илл. | ||
| 653 | _aОборудование химических заводов. | ||
| 942 | _cBK | ||
| 999 |
_c40673 _d40673 |
||